| 000 | 00341nam a22001337a 4500 | ||
|---|---|---|---|
| 082 | _aT-64 | ||
| 100 |
_aMuhammad Uzair Khan _948417 |
||
| 245 |
_aDynamic effect of traffic loading on highway bridges _cMuhammad Uzair Khan |
||
| 260 | _c1997 | ||
| 300 | _a166 P, : | ||
| 526 |
_a0 _b0 _c0 _dT_64 |
||
| 650 |
_aThesis _934811 |
||
| 942 |
_2ddc _cBK |
||
| 999 |
_c551374 _d551374 |
||